MyGZULibrary

Women, employment and exclusion / (Record no. 7284)

MARC details
000 -LEADER
fixed length control field 01522cam a2200361 a 4500
001 - CONTROL NUMBER
control field 3552161
003 - CONTROL NUMBER IDENTIFIER
control field GZU
005 - DATE AND TIME OF LATEST TRANSACTION
control field 20210506105008.0
008 - FIXED-LENGTH DATA ELEMENTS--GENERAL INFORMATION
fixed length control field 970703r19961996enka b 000 0 eng
010 ## - LIBRARY OF CONGRESS CONTROL NUMBER
LC control number 97168906
020 ## - INTERNATIONAL STANDARD BOOK NUMBER
International Standard Book Number 0855983647 :
Terms of availability $12.95
040 ## - CATALOGING SOURCE
Original cataloging agency DLC
Transcribing agency DLC
Modifying agency DLC
043 ## - GEOGRAPHIC AREA CODE
Geographic area code d------
050 00 - LIBRARY OF CONGRESS CALL NUMBER
Classification number HD6053 WOM 1996
Item number .W6538 1996
082 00 - DEWEY DECIMAL CLASSIFICATION NUMBER
Classification number 331.4/09172/4
Edition number 21
245 00 - TITLE STATEMENT
Title Women, employment and exclusion /
Statement of responsibility, etc. edited by Caroline Sweetman.
260 ## - PUBLICATION, DISTRIBUTION, ETC.
Place of publication, distribution, etc. Oxford, UK :
Name of publisher, distributor, etc. Oxfam,
Date of publication, distribution, etc. c1996.
300 ## - PHYSICAL DESCRIPTION
Extent 72 p. :
Other physical details ill. ;
Dimensions 25 cm.
440 #0 - SERIES STATEMENT/ADDED ENTRY--TITLE
Title Oxfam focus on gender
500 ## - GENERAL NOTE
General note Cover title.
500 ## - GENERAL NOTE
General note Originally published as an issue of the journal Gender and development, v. 4, no. 3, October, 1996.
504 ## - BIBLIOGRAPHY, ETC. NOTE
Bibliography, etc. note Includes bibliographical references (p. 67-77).
650 #0 - SUBJECT ADDED ENTRY--TOPICAL TERM
Topical term or geographic name entry element Women
General subdivision Employment
Geographic subdivision Developing countries.
650 #0 - SUBJECT ADDED ENTRY--TOPICAL TERM
Topical term or geographic name entry element Discrimination in employment
Geographic subdivision Developing countries.
650 #0 - SUBJECT ADDED ENTRY--TOPICAL TERM
Topical term or geographic name entry element Sex discrimination against women
Geographic subdivision Developing countries.
700 1# - ADDED ENTRY--PERSONAL NAME
Personal name Sweetman, Caroline.
856 7# - ELECTRONIC LOCATION AND ACCESS
Materials specified Table of contents
Uniform Resource Identifier <a href="http://lcweb.loc.gov/catdir/toc/97-168906.html">http://lcweb.loc.gov/catdir/toc/97-168906.html</a>
Access method http
856 42 - ELECTRONIC LOCATION AND ACCESS
Materials specified Publisher description
Uniform Resource Identifier <a href="http://www.loc.gov/catdir/enhancements/fy1411/97168906-d.html">http://www.loc.gov/catdir/enhancements/fy1411/97168906-d.html</a>
856 42 - ELECTRONIC LOCATION AND ACCESS
Materials specified Contributor biographical information
Uniform Resource Identifier <a href="http://www.loc.gov/catdir/enhancements/fy1411/97168906-b.html">http://www.loc.gov/catdir/enhancements/fy1411/97168906-b.html</a>
906 ## - LOCAL DATA ELEMENT F, LDF (RLIN)
a 7
b cbc
c orignew
d 2
e ncip
f 19
g y-gencatlg
942 ## - ADDED ENTRY ELEMENTS (KOHA)
Source of classification or shelving scheme Library of Congress Classification
Koha item type Books
Classification part 6053
Item part WOM
Call number prefix HD
Holdings
Withdrawn status Lost status Damaged status Not for loan Collection code Home library Current library Shelving location Date acquired Total Checkouts Full call number Barcode Date last seen Copy number Price effective from Koha item type
        Non-fiction Gender Resource Centre Gender Resource Centre General Stacks 05/06/2021   HD6053 WOM 1996 000592 05/06/2021 c.1 05/06/2021 Books
        Non-fiction Gender Resource Centre Gender Resource Centre General Stacks 05/06/2021   HD6053 WOM 1996 000597 05/06/2021 c.2 05/06/2021 Books
        Non-fiction Gender Resource Centre Gender Resource Centre General Stacks 05/20/2021   HD6053 WOM 1996 000596 05/20/2021 c.3 05/20/2021 Books